| 000 | 00751nam a22002177a 4500 | ||
|---|---|---|---|
| 999 |
_c131998 _d131998 |
||
| 005 | 20181113172212.0 | ||
| 010 | _aA-992083 , B-201440 | ||
| 020 |
_c475.00 _a8186623450 |
||
| 035 | _aA-992083, A-992087,B-201440 | ||
| 037 | _bCen Lib/Ret | ||
| 082 |
_a668.12 _bCHA |
||
| 100 | _aChattopadhyay, P. K. | ||
| 245 |
_aModern technology of soaps, detergents and toiletries : _cby P. K. Chattopadhyay _bwith formulae and project profiles / |
||
| 260 |
_bNational Institute of Industrial Research _aDelhi |
||
| 270 |
_bDelhi _a106-E, Kamla Nagar _e110007 |
||
| 300 |
_axiv,395p. : _c22cm(Hb) _bill. |
||
| 650 | _aTechnology | ||
| 650 | _aQuality management | ||
| 942 |
_2ddc _cEN _h668.14 _mCHA |
||